Film Adaptation Bacon Puzzle - Statistics

General Stats
  • This quiz has been taken 3,198 times
    3,077 since last reset
  • The average score is 10 of 23
Answer Stats
Hint Answer % Correct
Alice in Wonderland Johnny Depp
91%
The Perks of Being a Wallflower Emma Watson
75%
Sherlock Holmes Robert Downey Jr
70%
Water for Elephants Robert Pattinson
70%
The Devil Wears Prada Meryl Streep
67%
Becoming Jane Anne Hathaway
66%
The Prestige Christian Bale
65%
Lemony Snicket's A Series of Unfortunate Events Jude Law
61%
Scott Pilgrim vs. the World Michael Cera
54%
Harry Potter and the Order of the Phoenix Helena Bonham Carter
52%
Bridge to Terabithia Josh Hutcherson
44%
The Girl with the Dragon Tattoo Daniel Craig
43%
American Psycho Reese Witherspoon
40%
Youth in Revolt Rooney Mara
31%
The Avengers Scarlett Johansson
29%
Percy Jackson and the Olympians: The Lightning Thief Logan Lerman
27%
X-men: First Class James McAvoy
26%
Dream House Naomi Watts
25%
Charlie and the Chocolate Factory AnnaSophia Robb
22%
The Sisterhood of the Traveling Pants Alexis Bledel
16%
Twilight Anna Kendrick
15%
The Ring Amber Tamblyn
7%
Sin City Rosario Dawson
7%
No matching quizzes found
Score Distribution
Percent of People with Each Score
Percentile by Number Answered
Your Score History
You have not taken this quiz since the last reset